01736 a2200205 45000010006000000050017000060080041000230030015000640400040000790800032001192450084001510200018002352640075002533000032003285051033003600410008013931000020014017000023014217000086014445943420260407155848.0260407a2000 arg spa dAR-UNSa-BCEJYS aAR-UNSa-BCEJYSbspacAR-UNSa-BCEJYS a330(82)xEconomia Argentina10aLa Argentina de los noventapDesempeño económico en un contexto de reformas a950-23-1136-1 1aBuenos Aires :bEUDEBA (Editorial Universitaria de Buenos Aires)c2000 a2 v. (521 ; 482 p.)c23 cm. aVol. I: 1. Introducción: comentarios generales sobre el comportamiento de la economía y temas abiertos al finalizar los noventa - 2. Políticas de reforma y comportamiento macroeconómico – 3. El proceso de inversiones en la economía argentina. Impacto de las reformas de política y procesos de decisión ante un cambio de incertidumbres – 4. Algunos determinantes de la inversión en sectores de infraestructura en la Argentina – 5. El mercado de trabajo bajo el nuevo régimen económico en Argentina – 6. Distribución del ingreso en Argentina – Vol. II: 7. Determinantes de la inversión en telecomunicaciones en Argentina – 8. Regulación de las inversiones en el sector eléctrico argentino – 9. Inversiones en infraestructura vial: la experiencia argentina – 10. Determinantes de la inversión en el sector petróleo y gas en la Argentina – 11. Las reformas estructurales y el sector minero en Argentina – 12. Las inversiones en la industria argentina en la década de los noventa aspa1 aHeymann, Daniel1 aKosacoff, Bernardo1 aNaciones Unidas. Comisión Económica para América Latina y el Caribe (CEPAL)